[Event "Tamil Nadu IM 14th"]
[Site "Chennai"]
[Date "2024.01.20"]
[Round "8"]
[White "Lokesh, N1."]
[Black "Pranav, KP."]
[Result "1-0"]
[WhiteElo "2140"]
[BlackElo "2115"]
[PlyCount "117"]
[EventDate "2024.01.16"]
[EventType "tourn"]
[EventRounds "9"]
[EventCountry "IND"]
[SourceTitle "CB04_2024"]
[SourceDate "2023.10.16"]
[SourceVersion "1"]
[SourceVersionDate "2023.10.16"]
[SourceQuality "1"]

1. e4 e5 2. Nf3 Nc6 3. Bc4 Bc5 4. 0-0 Nf6 5. d3 h6 6. c3 d6 7. Re1 0-0 8. h3 Re8 9. Nbd2 a6 10. a4 Ba7 11. b4 Be6 12. Bxe6 Rxe6 13. Bb2 Nh5 14. d4 Nf4 15. Nf1 Rg6 16. Ng3 exd4 17. cxd4 Nxb4 18. Ra3 d5 19. e5 Rb6 20. Bc1 Ng6 21. Qd2 a5 22. Nf5 Rc6 23. Nxg7 Nc2 24. Nf5 Nxe1 25. Nxh6+ Kf8 26. Qxe1 Qe7 27. Rb3 Ke8 28. Ng8 Qf8 29. Nf6+ Kd8 30. Ba3 Qh6 31. Qxa5 Nf4 32. g3 Nxh3+ 33. Kg2 Kc8 34. Qxd5 Bb6 35. Qd7+ Kb8 36. Qxh3 Qxh3+ 37. Kxh3 Rxa4 38. d5 Rxf6 39. exf6 Bxf2 40. Ng5 Bd4 41. Be7 Ra5 42. Nxf7 Rxd5 43. Nd8 Kc8 44. f7 Bg7 45. Nxb7 Rf5 46. Nd8 Kd7 47. Bh4 c5 48. Rd3+ Kc8 49. Kg4 c4 50. Rd6 Rf2 51. Rc6+ Kd7 52. Rxc4 Bf8 53. Rd4+ Kc8 54. Kh5 Kb8 55. Kg6 Ka8 56. Ne6 Ba3 57. Ra4+ Kb7 58. Rxa3 Kc6 59. Nf4 1-0

[Event "Hyderabad Singh Ji Memorial"]
[Site "Hyderabad"]
[Date "2023.01.12"]
[Round "5"]
[White "Shah, Jeet"]
[Black "Pranav, KP."]
[Result "1-0"]
[WhiteElo "2007"]
[BlackElo "1652"]
[PlyCount "105"]
[EventDate "2023.01.10"]
[EventType "swiss"]
[EventRounds "9"]
[EventCountry "IND"]
[SourceTitle "CBM 212 Extra"]
[Source "ChessBase"]
[SourceDate "2023.03.31"]
[SourceVersion "1"]
[SourceVersionDate "2023.03.31"]
[SourceQuality "1"]

1. e4 e5 2. Nf3 Nc6 3. Bc4 Bc5 4. c3 Nf6 5. d3 d6 6. Bb3 h6 7. 0-0 0-0 8. Nbd2 a6 9. h3 Be6 10. Re1 Re8 11. Bxe6 Rxe6 12. Nf1 d5 13. Qc2 Qe8 14. Be3 Bxe3 15. Nxe3 Rd8 16. Rad1 g6 17. Qc1 dxe4 18. dxe4 Rxd1 19. Rxd1 Nxe4 20. Nd5 Rd6 21. Qxh6 Ne7 22. Nxe7+ Qxe7 23. Re1 Nf6 24. Rxe5 Rd1+ 25. Kh2 Qd6 26. Qf4 Rd3 27. Qg3 Rd1 28. Re1 Qxg3+ 29. Kxg3 Rxe1 30. Nxe1 Kf8 31. Nd3 b6 32. Kf4 Ke7 33. Ke5 c6 34. g4 a5 35. f4 Nd7+ 36. Ke4 f6 37. h4 Ke6 38. h5 g5 39. h6 Nf8 40. fxg5 fxg5 41. Ne5 c5 42. Nc4 b5 43. Nxa5 Nh7 44. c4 Nf6+ 45. Kf3 bxc4 46. Nxc4 Kd5 47. b3 Kc6 48. a4 Kb7 49. Nd6+ Ka6 50. Ne4 Nh7 51. Nxc5+ Ka5 52. Ke4 Kb4 53. Nd7 1-0

[Event "Chennai op 13th"]
[Site "Chennai"]
[Date "2022.06.25"]
[Round "9"]
[White "Rajesh, VAV"]
[Black "Pranav, KP."]
[Result "1-0"]
[WhiteElo "2358"]
[BlackElo "1564"]
[PlyCount "83"]
[EventDate "2022.06.19"]
[EventType "swiss"]
[EventRounds "10"]
[EventCountry "IND"]
[SourceTitle "CBM 209 Extra"]
[Source "ChessBase"]
[SourceDate "2022.09.30"]
[SourceVersion "1"]
[SourceVersionDate "2022.09.30"]
[SourceQuality "1"]

1. b3 d5 2. Nf3 c5 3. Bb2 e6 4. e3 Nf6 5. Be2 Bd6 6. 0-0 Nc6 7. d4 0-0 8. c4 cxd4 9. exd4 b6 10. Nc3 dxc4 11. Bxc4 Ne7 12. Re1 Bb7 13. Ne5 Ned5 14. Nxd5 Nxd5 15. Qg4 Bb4 16. Red1 Nf6 17. Qh3 Be4 18. f3 Bf5 19. g4 Bg6 20. Nxg6 hxg6 21. f4 Nd5 22. Qf3 Qf6 23. Rf1 Bd6 24. Bxd5 exd5 25. f5 Qh4 26. Rf2 gxf5 27. Qxd5 Rad8 28. Qxf5 g6 29. Qf3 f5 30. Qd5+ Kh7 31. Qb7+ Kg8 32. Raf1 f4 33. Qd5+ Kh7 34. Qb7+ Kg8 35. Qd5+ Kh7 36. Qf3 Rde8 37. Bc1 Re3 38. Bxe3 fxe3 39. Qxe3 Bxh2+ 40. Rxh2 Rxf1+ 41. Kg2 Qxh2+ 42. Kxh2 1-0